Discurso sobre el fomento de la industria popular (1774) (Record no. 131640)

MARC details
000 -LEADER
campo de control de longitud fija 00917nam a2200217 i 4500
001 - NÚMERO DE CONTROL
campo de control 131640
003 - IDENTIFICADOR DE NÚMERO DE CONTROL
campo de control ES-MaACL
005 - FECHA Y HORA DE LA ÚLTIMA TRANSACCIÓN
campo de control 20251012063051.0
007 - CAMPO FIJO DE DESCRIPCIÓN FÍSICA--INFORMACIÓN GENERAL
campo de control de longitud fija t|
008 - DATOS DE LONGITUD FIJA--INFORMACIÓN GENERAL
campo de control de longitud fija 070214s1975 sp r ||||1| spa d
100 1# - ENTRADA PRINCIPAL--NOMBRE DE PERSONA
Nombre de persona Rodríguez Campomanes, Pedro,
Fechas asociadas al nombre 1723-1803
9 (RLIN) 98399
245 10 - MENCIÓN DEL TÍTULO
Título Discurso sobre el fomento de la industria popular (1774)
Resto del título ; Discurso sobre la educación popular de los artesanos y su fomento (1775) /
Mención de responsabilidad, etc. Pedro Rodríguez Campomanes ; editados por John Reeder.
260 ## - PUBLICACIÓN, DISTRIBUCIÓN, ETC.
Lugar de publicación, distribución, etc. Madrid :
Nombre del editor, distribuidor, etc. Instituto de Estudios Fiscales,
Fecha de publicación, distribución, etc. 1975.
300 ## - DESCRIPCIÓN FÍSICA
Extensión 344 p. :
Otras características físicas il. ;
Dimensiones 21 cm.
651 #4 - PUNTO DE ACCESO ADICIONAL DE MATERIA--NOMBRE GEOGRÁFICO
Nombre geográfico España-
Subdivisión general Política industrial-
Subdivisión cronológica S.XVIII.
9 (RLIN) 8432
700 1# - ENTRADA AGREGADA--NOMBRE PERSONAL
Nombre de persona Reeder, John.
9 (RLIN) 95847
710 2# - ENTRADA AGREGADA--NOMBRE DE ENTIDAD CORPORATIVA
Nombre de entidad corporativa o nombre de jurisdicción como elemento de entrada Instituto de Estudios Fiscales (España)
9 (RLIN) 169207
740 0# - ENTRADA AGREGADA--TÍTULO RELACIONADO/ANALÍTICO NO CONTROLADO
Título relacionado o analítico no controlado Discurso sobre la educación popular de los artesanos y su fomento (1775)
852 ## - LOCALIZACIÓN
Ubicación ES-MaACL
Número de control de estantería L-970
Sublocalización o colección R.101594
Holdings
Estatus retirado Estado de pérdida Estado de daño No para préstamo Biblioteca de origen Biblioteca actual Ubicación en estantería Fecha de adquisición Fuente de adquisición Total de préstamos Signatura topográfica completa Código de barras Visto por última vez Precio de reemplazo Tipo de ítem Koha
        Biblioteca del Ateneo de Madrid Biblioteca del Ateneo de Madrid Depósito 2 17/01/2008     L-970 1137042 23/02/2023 23/02/2023 Libro impreso